Countries with KFC- Sudden Death - Statistics

General Stats
  • This quiz has been taken 57 times
  • The average score is 11 of 22
Answers on the Grid
Answers color-coded by a green-red scale on the quiz's grid according to % correct below.
United States of America
Canada
Mexico
Haiti
Nicaragua
Brazil
United Kingdom
France
Norway
Italy
Spain
Germany
Russia
Poland
Türkiye
Saudi Arabia
Syria
Iran
Egypt
Libya
Afghanistan
India
South Africa
Ethiopia
Somalia
Japan
China
North Korea
South Korea
Indonesia
Thailand
Australia
New Zealand
 
Answer Stats
Answer % Correct
Canada
100%
Mexico
100%
United States of America
100%
Brazil
73%
United Kingdom
73%
Germany
64%
France
55%
Spain
55%
Australia
45%
Italy
45%
Japan
36%
New Zealand
36%
South Africa
36%
South Korea
36%
China
27%
Egypt
27%
India
27%
Indonesia
27%
Poland
27%
Thailand
27%
Türkiye
27%
Saudi Arabia
18%
No matching quizzes found
Score Distribution
Percent of People with Each Score
Percentile by Number Answered
Your Score History
You have not taken this quiz